00438nam a2200181Ia 4500008004100000020001800041050001400059100002200073245003800095245002200133260001500155260001600170260000900186300001600195300002700211300001000238500000800248170918s9999 xx 000 0 und d a9780545284387 bK297 2009 aKelly, Jacqueline 4aThe evolution of Calpurnia Tate / cJacqueline Kelly. aNew York : bScholastic, c2009 a340 pages : bcolored illustration ; c21cm. a830